000 00447nam a2200169 i 4500
001 94511
003 ES-MaACL
005 20230906181509.0
007 t|
008 050506s1969 sp ||||1| spa d
100 1 _aLores, Jaime.
_974200
245 1 0 _aEnsayo de subteología secular /
_cJaime Lores.
250 _a[1ª ed.].
260 _aBarcelona :
_bPenínsula,
_c1969.
300 _a221 p. ;
_c19 cm.
852 _aES-MaACL
_jC-51075
_bR.70662
999 _c94511
_d94511